000 01870nam a2200325 a 4500
001 BRCA_2420
005 20190320203811.0
008 131108s1765----sp-a---###---#000-0dspa-u
041 _aspa
044 _asp
084 _a061
_b.M376
_c1765
100 1 _aCervantes Saavedra, Miguel de
_d1547-1616
_9213
245 1 0 _aVida y Hechos del Ingenioso Caballero Don Quijote de la Mancha
_ccompuesto por Miguel de Cervantes Saavedra.
260 _aMadrid
_bManuel Martin
_c1765
300 _a4 v.
_bil.
_c16 cm.
500 _aContenido : v 1. Primera parte. Dedicatoria a D. Quijote por Cide Hamete Benengeli. Algunos versos preliminares. Advertencia del impresor. Prólogo del autor. Vida de Cervantes por G. Mayáns. Texto. -- v 2. Licencia de J. A. de Zarza. Texto. -- v 3. Segunda parte. Algunos versos preliminares. Prólogo del autor. Texto. -- v 4. Texto
500 _aEdición : Nueva edición corregida e ilustrada con 44 estampas. Añadida la vida de su autor por Gregorio Mayáns I Siscar
500 _aSigue esta edición a la segunda de Cuesta, de 1605. Las correcciones ortográficas son notables y es la primera en que el Quijote se escribe con j. Los grabados en cambio, son malos. Ejemplar bien conservado, encuadernado en pergamino Lúdovik Osterc
500 _aEstado físico : En el volúmen 1 la cubierta y las primeras hojas se encuentran desprendidas
500 _aCon ex-libris de : Armando Cotarelo Valledor
500 _aQM49
650 1 4 _aNovela española
_yÉpoca clásica, 1500-1700
_9215
650 1 4 _aLiteratura española
_yÉpoca clásica, 1500-1700
_9216
650 1 4 _aNovela española
_ySiglo XVII
_9217
650 1 4 _aDon Quijote (Personaje ficticio)
_eNovela
_9218
700 1 _aMayáns I Síscar, Gregorio
_d1699-1781
_eBiógrafo
_97103
740 0 _aEl Ingenioso Hidalgo Don Quijote de la Mancha
902 _aQFM
942 _2lcc
_cB
999 _c2161
_d2161